Normal view
MARC view
- Bhattacharya, Amitabha
Entry Personal Name
001 - CONTROL NUMBER
- control field: 770
003 - CONTROL NUMBER IDENTIFIER
- control field: NUST
005 - DATE AND TIME OF LATEST TRANSACTION
- control field: 20170515170717.0
008 - FIXED-LENGTH DATA ELEMENTS
- fixed length control field: 170515|| aca||aabn | a|a d
040 ## - CATALOGING SOURCE
- Original cataloging agency: NUST
- Transcribing agency: NUST
100 ## - HEADING--PERSONAL NAME
- Personal name: Bhattacharya, Amitabha
670 ## - SOURCE DATA FOUND
- Source citation: Work cat.: (NUST)24071: Bhattacharya, Amitabha, Digital Communication, c2006
